О новооткрытом мною наземе или туке (Запись № 5132767)

Подробности
000 -МАРКЕР
контрольное поле 05275nam0a22005651 4500
001 - ИДЕНТИФИКАТОР ЗАПИСИ
контрольное поле v19\rc\2109135
005 - ИДЕНТИФИКАТОР ВЕРСИИ
контрольное поле 20250620045504.0
035 ## - ДРУГИЕ СИСТЕМНЫЕ НОМЕРА
Идентификатор записи (NLR Aleph) 005181003
100 ## - ДАННЫЕ ОБЩЕЙ ОБРАБОТКИ
Данные общей обработки 20090914d1809 |||y0rusy50 ca
101 0# - ЯЗЫК РЕСУРСА
Язык текста, звукозаписи и т.д. русский
102 ## - СТРАНА ПУБЛИКАЦИИ ИЛИ ПРОИЗВОДСТВА
Страна публикации российская федерация
135 ## - ПОЛЕ КОДИРОВАННЫХ ДАННЫХ: ЭЛЕКТРОННЫЕ РЕСУРСЫ
Кодированные данные для электронного ресурса crcn 024anaba
140 ## - ПОЛЕ КОДИРОВАННЫХ ДАННЫХ: СТАРОПЕЧАТНЫЕ ИЗДАНИЯ - ОБЩАЯ ИНФОРМАЦИЯ
Кодированные данные о старопечатном издании - Основные y y zz yaa0000
200 1# - ЗАГЛАВИЕ И СВЕДЕНИЯ ОБ ОТВЕТСТВЕННОСТИ
Основное заглавие О новооткрытом мною наземе или туке
210 ## - ПУБЛИКАЦИЯ, РАСПРОСТРАНЕНИЕ И ДР.
Место издания, распространения и т.д. Ревель
Имя издателя, распространителя и т. д. печатано в типографии Гресселя
Дата издания, распространения и т.д. 1809
215 ## - ФИЗИЧЕСКАЯ ХАРАКТЕРИСТИКА
Специфическое обозначение материала и объем 31, [1] с.
Размеры
300 ## - ОБЩИЕ ПРИМЕЧАНИЯ
Текст примечания Авт. установлен по изд. 1810 г.
300 ## - ОБЩИЕ ПРИМЕЧАНИЯ
Текст примечания Без тит. л. и обл. Описано по с. 3 текста
300 ## - ОБЩИЕ ПРИМЕЧАНИЯ
Текст примечания Вых. дан. на с. 31
316 ## - ПРИМЕЧАНИЯ ОБ ОСОБЕННОСТЯХ ЭКЗЕМПЛЯРА
Текст примечания Экз. РНБ (ВЭО 11 5/73) в картонном пер., обтянутом зеленым шелком. Крышки пер. украшены орнамент. рамками золотого тиснения. Корешок гладкий (бумага на корешке почти полностью утрачена). На нижней крышке пер. экслибрис фонда ВЭО ГПБ с шифром. На верхней крышке пер. бумажная наклейка. Обрез золотой. Перед с.1 вклеен л. с надписью: "Разсматривано в екон. обществе, генв. 22 и 29 1810 года к № 3 и 4 журнала". На л. перед с.1, на с.1 штамп-экслибрис фонда ВЭО ГПБ с шифром. На л. перед с.1 штамп: "В.Э.О.". На с.31 круглый штамп ГПБ. Размер: 18,3х11,4х1,0 см
Организация и экземпляр, к которому относится поле NLR: ВЭО 11 5/73
317 ## - ПРИМЕЧАНИЯ О ПРОИСХОЖДЕНИИ ЭКЗЕМПЛЯРА
Текст примечания В экз. РНБ (ВЭО 11 5/73) на л. перед с.1 надпись: "Некоторыя замечания о сельском домоводстве Майора Барицтона"; на с.31 надпись: "Отставной майор Барицтон"
Организация и экземпляр, к которому относится поле NLR: ВЭО 11 5/73
325 ## - ПРИМЕЧАНИЕ О КОПИИ
Текст примечания Копия доступна в Электрон. б-ке РНБ
327 1# - ПРИМЕЧАНИЯ О СОДЕРЖАНИИ
Текст примечания Содерж.: Объявление: [Предисл.] (С. 1-2);
-- О новооткрытом мною наземе или туке (С.3-9);
-- Об озимой пшенице (С.9-10);
-- О посеве озимой ржи на низменных местах (С.11-13);
-- О посеве крупнаго ячменя (С.14-16);
-- О кустовой ржи (С.17-18);
-- О важности всякаго обрабатывания полей (С.19-21);
-- О употреблении обыкновеннаго скотскаго навоза (С.22-25);
-- О негодной траве на полях под яровой хлеб назначаемых (С.25-28);
-- О сенокошении (С.29-31)
464 #0 - АНАЛИТИЧЕСКИЙ УРОВЕНЬ
Встроенное поле 2001#$aОбъявление
-- 215##$aС. 1-2
Заглавие Объявление
464 #0 - АНАЛИТИЧЕСКИЙ УРОВЕНЬ
Встроенное поле 2001#$aО новооткрытом мною наземе или туке
-- 215##$aС.3-9
Заглавие О новооткрытом мною наземе или туке
464 #0 - АНАЛИТИЧЕСКИЙ УРОВЕНЬ
Встроенное поле 2001#$aОб озимой пшенице
-- 215##$aС.9-10
Заглавие Об озимой пшенице
464 #0 - АНАЛИТИЧЕСКИЙ УРОВЕНЬ
Встроенное поле 2001#$aО посеве озимой ржи на низменных местах
-- 215##$aС.11-13
Заглавие О посеве озимой ржи на низменных местах
464 #0 - АНАЛИТИЧЕСКИЙ УРОВЕНЬ
Встроенное поле 2001#$aО посеве крупнаго ячменя
-- 215##$aС.14-16
Заглавие О посеве крупнаго ячменя
464 #0 - АНАЛИТИЧЕСКИЙ УРОВЕНЬ
Встроенное поле 2001#$aО кустовой ржи
-- 215##$aС.17-18
Заглавие О кустовой ржи
464 #0 - АНАЛИТИЧЕСКИЙ УРОВЕНЬ
Встроенное поле 2001#$aО важности всякаго обрабатывания полей
-- 215##$aС.19-21
Заглавие О важности всякаго обрабатывания полей
464 #0 - АНАЛИТИЧЕСКИЙ УРОВЕНЬ
Встроенное поле 2001#$aО употреблении обыкновеннаго скотскаго навоза
-- 215##$aС.22-25
Заглавие О употреблении обыкновеннаго скотскаго навоза
464 #0 - АНАЛИТИЧЕСКИЙ УРОВЕНЬ
Встроенное поле 2001#$aО негодной траве на полях под яровой хлеб назначаемых
-- 215##$aС.25-28
Заглавие О негодной траве на полях под яровой хлеб назначаемых
464 #0 - АНАЛИТИЧЕСКИЙ УРОВЕНЬ
Встроенное поле 2001#$aО сенокошении
-- 215##$aС.29-31
Заглавие О сенокошении
620 ## - МЕСТО И ДАТА ПУБЛИКАЦИИ, ИСПОЛНЕНИЯ И Т. Д.
Город Ревель
700 #1 - ИМЯ ЛИЦА - ПЕРВИЧНАЯ ОТВЕТСТВЕННОСТЬ
Начальный элемент ввода Толь
Часть имени, кроме начального элемента ввода Б. Б.
Расширение инициалов личного имени Борис Борисович
702 #1 - ИМЯ ЛИЦА - ВТОРИЧНАЯ ОТВЕТСТВЕННОСТЬ
Начальный элемент ввода Барицтон
Организация и экземпляр, к которому относится поле NLR: ВЭО 11 5/73
Код отношения Бывший владелец
712 00 - НАИМЕНОВАНИЕ ОРГАНИЗАЦИИ - ВТОРИЧНАЯ ОТВЕТСТВЕННОСТЬ
Начальный элемент ввода Грессель,
Идентифицирующий признак Ревель
Инверсированный элемент Ю. Г.,
Часть наименования, отличная от начального элемента ввода и от инверсированного элемента типография
Системный номер авторитетной/нормативной записи 771285
Идентификатор авторитетной/нормативной записи RU\NLR\AUTH\880552493
801 #0 - ИСТОЧНИК ЗАПИСИ
Страна российская федерация
Организация NLR
Правила каталогизации psbo
801 #1 - ИСТОЧНИК ЗАПИСИ
Страна российская федерация
Организация ProSoft-M
Источник данных rusmarc
852 ## - МЕСТОНАХОЖДЕНИЕ И ШИФР ХРАНЕНИЯ
Идентификатор организации NLR
Наименование фонда или коллекции (Sub-Location Identifier) ВЭО
Шифр хранения (Call Number) 11 5/73
942 ## - ДОПОЛНИТЕЛЬНЫЕ ЭЛЕМЕНТЫ ЗАПИСИ (АБИС)
Тип экземпляра АБИС Книга
980 ## - КОЛЛЕКЦИЯ
Название коллекции Национальная библиография
980 3# - КОЛЛЕКЦИЯ
Название коллекции РКФ. Не подлежит сканированию
981 22 - КОЛЛЕКЦИЯ ЭЛЕКТРОННОЙ БИБЛИОТЕКИ
Название коллекции Материалы по истории России
Название подколлекции 2.05. Культура. Наука. Просвещение.
981 20 - КОЛЛЕКЦИЯ ЭЛЕКТРОННОЙ БИБЛИОТЕКИ
Название коллекции Книжные памятники РНБ
Название подколлекции Русский книжный фонд
Экземпляры
Тип экземпляра Дата поступления Библиотека постоянного хранения Библиотека текущего хранения Место хранения Шифр хранения Штрих-код Статус не для выдачи
Книга 26.10.2013 РНБ (Садовая) РНБ (Садовая) Русский книжный фонд -Главное здание, Ленинский читальный зал ВЭО 11/5/73 5181003-10